000 00750cam a22002653a 4500
001 11379
003 PGUSA
005 20140828083236.0
008 040201s2004||||xxu|||||s|||||000 1 eng d
040 _aPGUSA
_beng
042 _adc
050 4 _aPS
100 1 _aBanks, Nancy Huston
245 1 0 _aRound Anvil Rock :
_bA Romance
_h[electronic resource] /
_cNancy Huston Banks
260 _bProject Gutenberg,
_c2004
506 _aPublic domain in the USA.
516 _aElectronic text
653 _aKentucky -- Fiction
653 _aHistorical fiction
653 _aLove stories
653 _aJackson, Andrew, 1767-1845 -- Fiction
830 0 _aProject Gutenberg
_v11379
856 4 0 _uhttp://www.gutenberg.org/ebooks/11379
942 _cEB
999 _c240634
_d240634